Capitals of Indian States - Statistics

General Stats
  • This quiz has been taken 2,465 times
    2,066 since last reset
  • The average score is 23 of 36
Answer Stats
State Capital % Correct
Maharashtra Mumbai
87%
Andhra Pradesh Hyderabad/Amravati
85%
Karnataka Bengaluru
83%
Bihar Patna
82%
Tamil Nadu Chennai
80%
Gujarat Gandhinagar
79%
Jammu and Kashmir Srinagar
79%
Rajasthan Jaipur
78%
Madhya Pradesh Bhopal
77%
West Bengal Kolkata
76%
Goa Panaji
76%
Haryana Chandigarh
74%
Telangana Hyderabad
72%
Himachal Pradesh Shimla
72%
Punjab Chandigarh
71%
Uttar Pradesh Lucknow
70%
Jharkhand Ranchi
70%
Kerala Thiruvananthapuram
70%
Assam Dispur
69%
Delhi Delhi
67%
Chhattisgarh Raipur
67%
Chandigarh Chandigarh
62%
Sikkim Gangtok
60%
Arunachal Pradesh Itanagar
60%
Meghalaya Shillong
54%
Andaman and Nicobar Port Blair
53%
Uttarakhand Dehradun
52%
Nagaland Kohima
52%
Manipur Imphal
51%
Odisha Bhubaneshwar
48%
Tripura Agartala
46%
Mizoram Aizawl
41%
Daman and Diu Daman
41%
Puducherry Pondicherry
35%
Lakshadweep Kavaratti
23%
Dadra and Nagar Haveli Silvassa
20%
No matching quizzes found
Score Distribution
Percent of People with Each Score
Percentile by Number Answered
Your Score History
You have not taken this quiz since the last reset